Code of procedure for single stage selective tendering (Record no. 92840)

MARC details
000 -LEADER
fixed length control field 01015cam a2200253 4500
001 - CONTROL NUMBER
control field B2627
008 - FIXED-LENGTH DATA ELEMENTS--GENERAL INFORMATION
fixed length control field 090401t1989 xxu||||| |||| 00| 0 eng d
035 ## - SYSTEM CONTROL NUMBER
System control number (Sirsi) u51224
041 ## - LANGUAGE CODE
Language code of text/sound track or separate title eng
050 ## - LIBRARY OF CONGRESS CALL NUMBER
Classification number 692.8
110 ## - MAIN ENTRY--CORPORATE NAME
Corporate name or jurisdiction name as entry element National Joint Consultative Committee for Building
9 (RLIN) 994
245 ## - TITLE STATEMENT
Title Code of procedure for single stage selective tendering
250 ## - EDITION STATEMENT
Edition statement Revised ed.
260 ## - PUBLICATION, DISTRIBUTION, ETC.
Place of publication, distribution, etc. London
Name of publisher, distributor, etc. RIBA Publications Ltd
Date of publication, distribution, etc. 1989
300 ## - PHYSICAL DESCRIPTION
Extent 12p. ; 30cm.
350 ## - PRICE (NR) (BK AM CF MU VM SE) [OBSOLETE]
Price 5
500 ## - GENERAL NOTE
General note Later edition published June 1994. RICS 1994/103
520 ## - SUMMARY, ETC.
Summary, etc. Produced in collaboration with the Joint Standing Committee of Architects, Surveyors and Building Contractors in Scotland and the Joint Consultative Committee for Building Northern Ireland and in consultation with the Department of the Environment .
650 ## - SUBJECT ADDED ENTRY--TOPICAL TERM
Topical term or geographic name entry element BUILT ENVIRONMENT-BUILDING CONTRACT FORMS
650 ## - SUBJECT ADDED ENTRY--TOPICAL TERM
Topical term or geographic name entry element SINGLE STAGE SELECTIVE TENDERING
690 ## - LOCAL SUBJECT ADDED ENTRY--TOPICAL TERM (OCLC, RLIN)
Topical term or geographic name as entry element BUILT ENVIRONMENT-BUILDING CONTRACT FORMS
942 ## - ADDED ENTRY ELEMENTS (KOHA)
Suppress in OPAC 0
Source of classification or shelving scheme Dewey Decimal Classification
948 ## - LOCAL PROCESSING INFORMATION (OCLC); SERIES PART DESIGNATOR (RLIN)
c (OCLC) 04/03/1997
Holdings
Withdrawn status Lost status Source of classification or shelving scheme Damaged status Not for loan Home library Current library Shelving location Date acquired Cost, normal purchase price Total Checkouts Full call number Barcode Date last seen Date last checked out Copy number Cost, replacement price Price effective from Koha item type
    Dewey Decimal Classification     Archives Archives RICS Boxes 14/09/1999 5.00 3 RICS 1989/104 30007095 09/01/2024 22/11/2005 1 5.00 06/08/2019 Book